[Event "Pinneberg-ch"]
[Site "Pinneberg"]
[Date "2006.09.15"]
[Round "5.5"]
[White "Gollasch, Theo Heinz"]
[Black "Freitag, Roland"]
[Result "0-1"]
[WhiteElo "2129"]
[BlackElo "2267"]
[PlyCount "82"]
[EventDate "2006.08.22"]
[EventType "swiss"]
[EventRounds "7"]
[EventCountry "GER"]
[SourceTitle "EXT 2007"]
[Source "ChessBase"]
[SourceDate "2006.11.23"]
[SourceVersion "1"]
[SourceVersionDate "2006.11.23"]
[SourceQuality "1"]

1. Nf3 Nf6 2. g3 d6 3. Bg2 g6 4. c4 Bg7 5. Nc3 0-0 6. d3 e5 7. 0-0 Nc6 8. Rb1 h6 9. b4 a6 10. a4 Ne8 11. b5 axb5 12. axb5 Ne7 13. Qb3 Kh8 14. Nd5 f5 15. Ba3 g5 16. Nxe7 Qxe7 17. Nd2 h5 18. c5 Be6 19. cxd6 cxd6 20. Qb4 h4 21. Nc4 Rd8 22. Rbc1 hxg3 23. hxg3 g4 24. e3 Bf6 25. Nb6 Qf7 26. d4 e4 27. Rfd1 Qh5 28. d5 Bd7 29. Nc4 Kg8 30. Qa5 Be7 31. Qb6 Rf7 32. Qxb7 Rh7 33. Qb6 Qh2+ 34. Kf1 Rh6 35. Qa5 Nf6 36. Bxd6 Re8 37. Bxe7 Rxe7 38. Nd6 f4 39. exf4 e3 40. Qd8+ Re8 41. Nxe8 Bxb5+ 0-1

[Event "Pinneberg-ch"]
[Site "Pinneberg"]
[Date "2006.09.08"]
[Round "4.3"]
[White "Freitag, Roland"]
[Black "Knecht, Guntram"]
[Result "1/2-1/2"]
[WhiteElo "2267"]
[BlackElo "2065"]
[PlyCount "80"]
[EventDate "2006.08.22"]
[EventType "swiss"]
[EventRounds "7"]
[EventCountry "GER"]
[SourceTitle "EXT 2007"]
[Source "ChessBase"]
[SourceDate "2006.11.23"]
[SourceVersion "1"]
[SourceVersionDate "2006.11.23"]
[SourceQuality "1"]

1. e4 c5 2. Nf3 e6 3. d4 cxd4 4. Nxd4 a6 5. Bd3 Qc7 6. Qe2 d6 7. b3 Nf6 8. Bb2 Be7 9. Nd2 0-0 10. 0-0 e5 11. Nf5 Bxf5 12. exf5 Nc6 13. c4 d5 14. cxd5 Nxd5 15. g3 Rad8 16. Rac1 Bg5 17. Rfd1 Ndb4 18. Bb1 Bxd2 19. Rxd2 Rxd2 20. Qxd2 Rd8 21. Qe3 Qd7 22. a3 Nd5 23. Qc5 Nce7 24. Rd1 f6 25. Be4 g6 26. fxg6 hxg6 27. a4 Kg7 28. Ba3 Qg4 29. f3 Qe6 30. Qa5 Rd7 31. Rd3 Nc6 32. Qc5 Nde7 33. Rxd7 Qxd7 34. Bxc6 Nxc6 35. Qf8+ Kh7 36. Qxf6 Qd1+ 37. Kg2 Qd2+ 38. Kh3 Qh6+ 39. Kg2 Qd2+ 40. Kh3 Qh6+ 1/2-1/2

[Event "Pinneberg-ch"]
[Site "Pinneberg"]
[Date "2005.09.08"]
[Round "5"]
[White "Besenthal, Klaus Guenther"]
[Black "Freitag, Roland"]
[Result "0-1"]
[WhiteElo "2177"]
[BlackElo "2267"]
[PlyCount "58"]
[EventDate "2005.08.11"]
[EventType "swiss"]
[EventRounds "7"]
[EventCountry "GER"]
[SourceTitle "EXT 2006"]
[Source "ChessBase"]
[SourceDate "2005.11.24"]
[SourceVersion "1"]
[SourceVersionDate "2005.11.24"]
[SourceQuality "1"]

1. e4 e6 2. d4 d5 3. exd5 exd5 4. Bd3 Nc6 5. c3 Bd6 6. Nf3 Bg4 7. 0-0 Nge7 8. Re1 Qd7 9. Nbd2 0-0-0 10. b4 Ng6 11. b5 Nce7 12. Qa4 Kb8 13. Ba3 Bxa3 14. Qxa3 f6 15. Rab1 Nc8 16. Re3 Nf4 17. Bf1 g5 18. Qb4 h5 19. Ne1 Bf5 20. Rc1 Rhe8 21. Nb3 b6 22. a4 Nd6 23. a5 h4 24. Qa4 Rxe3 25. fxe3 Qe6 26. Qa2 Qxe3+ 27. Qf2 Re8 28. Qxe3 Rxe3 29. Kf2 Rxc3 0-1

[Event "Oberliga Nord N 0405"]
[Site "Germany"]
[Date "2005.04.10"]
[Round "9.3"]
[White "Freitag, Roland"]
[Black "Wobbe, Sven"]
[Result "0-1"]
[WhiteElo "2267"]
[BlackElo "2184"]
[PlyCount "52"]
[EventDate "2004.10.24"]
[EventType "team-tourn"]
[EventRounds "9"]
[EventCountry "GER"]
[SourceTitle "EXT 2006"]
[Source "ChessBase"]
[SourceDate "2005.11.24"]
[SourceVersion "1"]
[SourceVersionDate "2005.11.24"]
[SourceQuality "1"]
[WhiteTeam "Pinneberg"]
[BlackTeam "Glinde"]
[WhiteTeamCountry "GER"]
[BlackTeamCountry "GER"]

1. e4 c5 2. Nf3 e6 3. d4 cxd4 4. Nxd4 a6 5. Bd3 Bc5 6. Nb3 Be7 7. Nc3 d6 8. 0-0 Nf6 9. Qe2 Qc7 10. f4 Nbd7 11. Bd2 b5 12. Rae1 Bb7 13. e5 dxe5 14. fxe5 Nd5 15. Qg4 g6 16. Qh3 0-0 17. Kh1 Nxe5 18. Nxd5 Bxd5 19. Bf4 Bd6 20. Qg3 Nc4 21. Qg5 Bxf4 22. Rxf4 Nxb2 23. Re3 Nxd3 24. Rh4 Qxc2 25. h3 Rac8 26. Nd4 Qf2 0-1

[Event "Oberliga Nord N 0405"]
[Site "Germany"]
[Date "2005.02.13"]
[Round "7.3"]
[White "Freitag, Roland"]
[Black "Twardowski, Lukasz"]
[Result "1/2-1/2"]
[WhiteElo "2267"]
[BlackElo "2305"]
[PlyCount "69"]
[EventDate "2004.10.24"]
[EventType "team-tourn"]
[EventRounds "9"]
[EventCountry "GER"]
[SourceTitle "EXT 2006"]
[Source "ChessBase"]
[SourceDate "2005.11.24"]
[SourceVersion "1"]
[SourceVersionDate "2005.11.24"]
[SourceQuality "1"]
[WhiteTeam "Pinneberg"]
[BlackTeam "Rostock Polizei"]
[WhiteTeamCountry "GER"]
[BlackTeamCountry "GER"]

1. e4 e5 2. d4 exd4 3. Nf3 d5 4. Qxd4 Nf6 5. exd5 Qxd5 6. Nc3 Qxd4 7. Nxd4 c6 8. Bd3 Bc5 9. Nf5 0-0 10. 0-0 Rd8 11. Ng3 Nbd7 12. Bf4 Bf8 13. Bc7 Re8 14. Rae1 Rxe1 15. Rxe1 Nc5 16. Be2 Ne6 17. Be5 Nd7 18. Bc4 Nxe5 19. Rxe5 Bd7 20. Re1 Rd8 21. a3 Bc8 22. Nce4 g6 23. Nf1 Kg7 24. Ne3 h6 25. Kf1 Ng5 26. Nxg5 hxg5 27. Rd1 Rxd1+ 28. Nxd1 f5 29. Ke2 g4 30. f4 gxf3+ 31. Kxf3 Kf6 32. h4 g5 33. hxg5+ Kxg5 34. Nf2 Kf6 35. g4 1/2-1/2

[Event "Oberliga Nord N 0405"]
[Site "Germany"]
[Date "2005.01.16"]
[Round "5.3"]
[White "Freitag, Roland"]
[Black "Petrosian, Suren"]
[Result "1/2-1/2"]
[WhiteElo "2267"]
[BlackElo "2393"]
[PlyCount "59"]
[EventDate "2004.10.24"]
[EventType "team-tourn"]
[EventRounds "9"]
[EventCountry "GER"]
[SourceTitle "EXT 2006"]
[Source "ChessBase"]
[SourceDate "2005.11.24"]
[SourceVersion "1"]
[SourceVersionDate "2005.11.24"]
[SourceQuality "1"]
[WhiteTeam "Pinneberg"]
[BlackTeam "Norderstedt"]
[WhiteTeamCountry "GER"]
[BlackTeamCountry "GER"]

1. e4 e5 2. d4 exd4 3. Nf3 d5 4. Qxd4 Nf6 5. exd5 Qxd5 6. Bc4 Qxd4 7. Nxd4 Bc5 8. Nb5 Bb6 9. Bf4 Na6 10. 0-0 0-0 11. Re1 Nb4 12. Bb3 Be6 13. N1a3 Nbd5 14. Bg3 a6 15. c4 axb5 16. cxd5 Bxd5 17. Bxd5 Nxd5 18. Nxb5 Rfd8 19. Red1 c6 20. Nd6 Rd7 21. a3 f6 22. Rd2 h5 23. h4 Bc7 24. Ne4 Re7 25. f3 Bxg3 26. Nxg3 Ra4 27. Nxh5 Rxh4 28. Ng3 g6 29. Rc1 f5 30. b4 1/2-1/2

[Event "Oberliga Nord N 0405"]
[Site "Germany"]
[Date "2004.11.14"]
[Round "2.3"]
[White "Freitag, Roland"]
[Black "Hagenstein, Frank"]
[Result "0-1"]
[WhiteElo "2267"]
[BlackElo "2194"]
[PlyCount "76"]
[EventDate "2004.10.24"]
[EventType "team-tourn"]
[EventRounds "9"]
[EventCountry "GER"]
[SourceTitle "EXT 2006"]
[Source "ChessBase"]
[SourceDate "2005.11.24"]
[SourceVersion "1"]
[SourceVersionDate "2005.11.24"]
[SourceQuality "1"]
[WhiteTeam "Pinneberg"]
[BlackTeam "Neumuenster"]
[WhiteTeamCountry "GER"]
[BlackTeamCountry "GER"]

1. e4 Nf6 2. e5 Nd5 3. d4 d6 4. exd6 exd6 5. Nf3 Be7 6. c4 Nb6 7. d5 0-0 8. Be2 Bg4 9. Nbd2 c6 10. h3 Bh5 11. g4 Bg6 12. h4 h5 13. g5 cxd5 14. b3 Nc6 15. Bb2 Nb4 16. Nd4 Re8 17. Rh3 dxc4 18. bxc4 d5 19. Kf1 dxc4 20. Bxh5 Bc5 21. Bxg6 fxg6 22. N2f3 Nd3 23. Qc2 Re4 24. Rd1 Qd5 25. h5 Rae8 26. h6 Bxd4 27. Bxd4 Rxd4 28. hxg7 Rf4 29. Qc3 Rxf3 30. Rh8+ Kf7 31. g8Q+ Rxg8 32. Rh7+ Ke8 33. Re1+ Kd8 34. Re2 Rgf8 35. Kg1 Qxg5+ 36. Kh1 Qd5 37. Kg1 Nf4 38. Re5 Rxc3 0-1

[Event "Oberliga Nord N 0304"]
[Site "Germany"]
[Date "2004.04.25"]
[Round "9.4"]
[White "Freitag, Roland"]
[Black "Ilgner, Andreas"]
[Result "1-0"]
[WhiteElo "2265"]
[BlackElo "2138"]
[PlyCount "115"]
[EventDate "2003.10.12"]
[EventType "team-tourn"]
[EventRounds "9"]
[EventCountry "GER"]
[SourceTitle "EXT 2005"]
[Source "ChessBase"]
[SourceDate "2004.11.15"]
[SourceVersion "1"]
[SourceVersionDate "2004.11.15"]
[SourceQuality "1"]
[WhiteTeam "Pinneberg"]
[BlackTeam "Luebeck III"]
[WhiteTeamCountry "GER"]
[BlackTeamCountry "GER"]

1. e4 e6 2. d4 d5 3. Nc3 Nf6 4. Bg5 Be7 5. e5 Nfd7 6. h4 Bxg5 7. hxg5 Qxg5 8. Nh3 Qe7 9. g3 Nb6 10. Bg2 Bd7 11. Qd3 Nc6 12. a3 0-0-0 13. f4 Na5 14. b3 Kb8 15. Nf2 Rc8 16. Ne2 h6 17. Qd2 Nc6 18. Nd3 Rcg8 19. a4 f6 20. a5 Nc8 21. c4 fxe5 22. fxe5 Rd8 23. a6 b6 24. cxd5 exd5 25. Ndf4 Qb4 26. Bxd5 Qxd2+ 27. Kxd2 N8e7 28. Bc4 g5 29. Nh5 Bg4 30. Kc3 Bxe2 31. Bxe2 Nxd4 32. Bg4 Ndc6 33. Rhe1 Nd5+ 34. Kb2 Ndb4 35. Bf5 Ne7 36. Be4 Nd3+ 37. Bxd3 Rxd3 38. Rad1 Rhd8 39. Rxd3 Rxd3 40. Kc2 Rf3 41. g4 c5 42. e6 Kc8 43. Ng7 Rf4 44. Rd1 Rd4 45. Rxd4 cxd4 46. Kd3 Nc6 47. Nf5 Kd8 48. Ke4 d3 49. Kxd3 Ne5+ 50. Ke4 Nxg4 51. Kd5 Nf6+ 52. Kd6 Ne8+ 53. Kc6 Kc8 54. e7 Nf6 55. Nxh6 b5 56. b4 Ne8 57. Nf7 Nf6 58. Nxg5 1-0